000 00908nam a2200253 i 4500
001 192500
003 ES-MaACL
005 20240127063020.0
008 230120s2001 enka 001 0 eng
020 _a1853614874
040 _cES-MaACL
080 _a629.4
100 _aChant, Christopher
_9176263
_eaut
245 1 4 _aThe World's railways :
_bthe history and development of rail transport /
_cChristopher Chant ; edited by John Moore.
260 _a[Isle of Anglesey :
_bRegency House Publishing,
_c2001]
300 _a447 páginas :
_bilustraciones (blanco y negro y color) ;
_c18 x 23 cm
500 _aÍndice
650 4 _9145436
_aTrenes
700 0 _982819
_aMoore, John
_epbl
852 _aES-MaACL
_9199794
_bR.152150
_jN-8103
_cDEPOJ
_hDonación: Editorial
_xEncuadernación: cartoné
942 _cMONOGRAFIA
_n0
999 _c192500
_d192500